Statistics for The Wolf of Wall Street Cast

Click here to take the quiz!

General Stats

  • This quiz has been taken 90 times
  • The average score is 4 of 32

Answer Stats

HintAnswer% Correct
Jordan BelfortLeonardo DiCaprio
98%
Naomi LapagliaMargot Robbie
87%
Donnie AzoffJonah Hill
77%
Mark HannaMatthew McConaughey
27%
Brad BodnickJon Bernthal
18%
Auckland Straight Line HostJordan Belfort
18%
Aunt EmmaJoanna Lumley
12%
Max BelfortRob Reiner
12%
Jean-Jacques SaurelJean Dujardin
10%
Manny RiskinJon Favreau
10%
FBI Agent Patrick DenhamKyle Chandler
10%
Chester MingKenneth Choi
6%
Bo DietlBo Dietl
4%
Teresa PetrilloCristin Milioti
4%
Nicky KoskoffP.J. Byrne
4%
Toby WelchEthan Suplee
2%
Steve MaddenJake Hoffman
2%
Captain Ted BeechamShea Whigham
2%
DwayneSpike Jonze
2%
Rochelle ApplebaumAshlie Atkinson
1%
JanetAya Cash
1%
Robbie FeinbergBrian Sacca
1%
FBI AgentCatherine Curtin
1%
Leah BelfortChristine Ebersole
1%
The Honorable Samantha StogelFran Lebowitz
1%
Alden KupferbergHenry Zebrowski
1%
Lucas SolomonJ.C. Mackenzie
1%
Chantalle BodnickKatarina Čas
1%
Hildy AzoffMackenzie Meehan
1%
Kimmie BelzerStephanie Kurtzuba
1%
Jerry FogelStephen Kunken
1%
Stratton Broker in a BowtieThomas Middleditch
1%

Score Distribution

Percentile by Number Answered

Percent of People with Each Score

Your Score History

You have not taken this quiz